آ تش پا ر ے (Record no. 187163)

MARC details
000 -LEADER
fixed length control field 00586nam a22001937a 4500
005 - DATE AND TIME OF LATEST TRANSACTION
control field 20220405121433.0
010 ## - LCCN (DPL NO)
LC control number UR-11508
020 ## - INTERNATIONAL STANDARD BOOK NUMBER
Terms of availability 150.00
International Standard Book Number -
035 ## - SYSTEM CONTROL NUMBER
System control number U-10063
037 ## - SOURCE OF ACQUISITION
Source of stock number/acquisition DBAD/PUB
Stock number -
082 ## - DEWEY DECIMAL CLASSIFICATION NUMBER
Classification number ک
Edition number Ist
100 ## - MAIN ENTRY--PERSONAL NAME
Personal name محمد طا ر ق
245 ## - TITLE STATEMENT
Title آ تش پا ر ے
Statement of responsibility, etc محمد طا ر ق
Medium ا ر د و
246 ## - VARYING FORM OF TITLE
Remainder of title Aatish Parey-1 (Urdu)
Title proper/short title by Mohammad Tarique
260 ## - PUBLICATION, DISTRIBUTION, ETC. (IMPRINT)
Place of publication, distribution, etc Amrawati
Name of publisher, distributor, etc Mohammad Tarique
Date of publication, distribution, etc 2015 ء
270 ## - ADDRESS
Address Inamdar House,Kohlapur,
City Amrawati
Postal code 444604
Telephone number 0805503365
Fax number -
300 ## - PHYSICAL DESCRIPTION
Extent 128 ص
Dimensions 22 Cm(Hb)
942 ## - ADDED ENTRY ELEMENTS (KOHA)
Source of classification or shelving scheme Dewey Decimal Classification
Item type Urdu Bks
Classification part ک
Call number suffix م ح م
Holdings
Withdrawn status Lost status Not for loan Collection code Home library Current library Date acquired Source of acquisition Cost, normal purchase price Full call number Barcode Copy number Cost, replacement price Koha item type
    Not For Loan Fiction D.B.Act.Division Central Library 05/04/2022 DBAD/PUB 150.00 ک م ح م U-10063 1 150.00 Urdu Bks

© Delhi Public Library
Hit Counter
free hit counter